000 00273nam a2200109Ia 4500
008 200302s9999 xx 000 0 und d
100 _aBrett Steele
245 _aNegotiate my Boundary
260 _bBirkhauser-Publishers for Architecure
260 _c2006
300 _a192 P.,
999 _c5146
_d5146